000 00530nam a2200193Ia 4500
999 _c14802
_d14802
003 OSt
005 20201104123047.0
008 190216s9999||||xx |||||||||||||| ||und||
020 _a9781861979872
040 _coclc
082 _a759.5
_bVIN/D
100 _aVinci, Leonardo Da
_96258
245 4 _aThe Da Vinci Notebooks /
_cLeonardo Da Vinci
250 _a2nd Ed.
260 _bProfile Books,
_c2010.
_aLondon:
300 _a217p
650 _aEnglish
942 _cBK
_2ddc
_h759.5
_iVIN/D
_k759.5
_mVIN/D